000
00317nam a22001337a 4500
020
_a
8187721294
082
_a
620
_b
VEN/BA
100
_a
Venugopal, K
_a
Prabhu Raja, V
_9
350
245
_a
Basic Mechanical Engineering
250
_a
6
260
_a
Channai
_b
Anuradha Publications
_c
2011
300
_a
14.12
942
_c
BK
999
_c
14261
_d
14261